Normal view
MARC view
- الكرامات- المعجزات- التصوف الاسلامي
Entry Topical Term
001 - CONTROL NUMBER
- control field: 39099
003 - CONTROL NUMBER IDENTIFIER
- control field: JO-AjAnu
005 - DATE AND TIME OF LATEST TRANSACTION
- control field: 20230606080515.0
008 - FIXED-LENGTH DATA ELEMENTS
- fixed length control field: 230606|| aca||aabn | a|a d
040 ## - CATALOGING SOURCE
- Original cataloging agency: JO-AjAnu
- Transcribing agency: JO-AjAnu
150 ## - HEADING--TOPICAL TERM
- Topical term or geographic name entry element: الكرامات- المعجزات- التصوف الاسلامي
670 ## - SOURCE DATA FOUND
- Source citation: Work cat.: (JO-AjAnu)20052: آل ملا يوسف، محمد أمين ؛ م.مشارك أكرم عبد الوهاب ملا يوسف , author 39098, الدلالات القاطعات والشرح المختار في كرامات الأولياء وآداب الأخيار